Music Quiz

Random Music Quiz

Top 50 Singles of 1995 in Australia (by song) Quiz Stats

 Plays Quiz not verified by Sporcle

Score 0/50 Timer 20:00
0 Plays Today
# Title % Correct
1Gangsta's Paradise
85%
3Kiss From A Rose
70%
20You Oughta Know
65%
16Waterfalls
65%
7Zombie
60%
47Scream / Childhood
60%
18Fantasy
55%
10You Are Not Alone
55%
22Here Comes The Hotstepper
50%
32One Sweet Day
50%
11Think Twice
45%
9Back For Good
45%
38Scatman (Ski-Ba-Bop-Ba-Dop-Bop)
45%
6Have You Ever Really Loved A Woman?
40%
41Where The Wild Roses Grow
40%
35Self Esteem
40%
34Cotton Eye Joe
40%
12Insensitive
35%
5Another Night
30%
37Runaway
30%
36Run Away
30%
26Strong Enough
30%
19Tomorrow
25%
17Total Eclipse Of The Heart
25%
13Boom Boom Boom
25%
# Title % Correct
4Mouth
25%
48Let Her Cry
25%
29Hold Me, Thrill Me, Kiss Me, Kill Me
25%
23Mysterious Girl
20%
2Stayin' Alive
20%
46As I Lay Me Down
20%
40When I Come Around
20%
25Shy Guy
20%
14Here's Johnny!
15%
49Somebody's Crying
15%
45Beautiful In My Eyes
15%
42It's Alright
15%
24Under The Water
10%
21Sukiyaki
10%
15Alice, Who The F**k Is Alice?
10%
8Let's Groove
10%
44Baby Baby
10%
39Set You Free
10%
33Don't Stop (Wiggle Wiggle)
10%
31Pure Massacre
10%
28Stay Another Day
10%
50I've Got A Little Something For You
5%
43Right Type Of Mood
5%
30Excalibur
5%
27You Belong To Me
5%

You're not logged in!

Compare scores with friends on all Sporcle quizzes.
OR
Log In

You Might Also Like...

Show Comments

Extras

Top Quizzes Today


Score Distribution

Your Account Isn't Verified!

In order to create a playlist on Sporcle, you need to verify the email address you used during registration. Go to your Sporcle Settings to finish the process.

Report this User

Report this user for behavior that violates our Community Guidelines.

Details: